| 000 -LEADER |
| fixed length control field |
00706cam a22001937a 4500 |
| 008 - FIXED-LENGTH DATA ELEMENTS--GENERAL INFORMATION |
| fixed length control field |
180718b1999 xxu||||| |||| 00| 0 eng d |
| 020 ## - INTERNATIONAL STANDARD BOOK NUMBER |
| International Standard Book Number |
9051994516 |
| 082 ## - DEWEY DECIMAL CLASSIFICATION NUMBER |
| Classification number |
T19 P999 |
| 245 ## - TITLE STATEMENT |
| Title |
Identifying the poor: papers on measuring poverty to celebrate the bicentenary of the publication in 1797 of "the state of the poor" by Sir Frederick Morton Eden |
| Statement of responsibility, etc. |
edited by F.G. Pyatt, and M. Ward;technically edited by D. Berze and M. Vanden Broecke |
| 260 ## - PUBLICATION, DISTRIBUTION, ETC. |
| Place of publication, distribution, etc. |
Amsterdam |
| Name of publisher, distributor, etc. |
IOS Press |
| Date of publication, distribution, etc. |
1999 |
| 300 ## - PHYSICAL DESCRIPTION |
| Extent |
233p. |
| 650 ## - SUBJECT ADDED ENTRY--TOPICAL TERM |
| Topical term or geographic name entry element |
The State of the Poor |
| 650 ## - SUBJECT ADDED ENTRY--TOPICAL TERM |
| Topical term or geographic name entry element |
Eden, Frederick Morton |
| 650 ## - SUBJECT ADDED ENTRY--TOPICAL TERM |
| Topical term or geographic name entry element |
Poverty |
| 700 ## - ADDED ENTRY--PERSONAL NAME |
| Personal name |
Broecke, M. Vanden |
| 700 ## - ADDED ENTRY--PERSONAL NAME |
| Personal name |
Berze,D. |
| 700 ## - ADDED ENTRY--PERSONAL NAME |
| Personal name |
Ward, M. |
| 700 ## - ADDED ENTRY--PERSONAL NAME |
| Personal name |
Pyatt, F.G. |